banner koha

Relatorio semi-anual dezembro 1970. Em cumprimento parcial do contrato AID/1a/656 entre a USAID e o Instituto de Pesquisas IRI [Brasil] (Registro n. 262489)

MARC details
000 -LÍDER
campo de controle de tamanho fixo 00828nac a22002417a 4500
001 - NÚMERO DE CONTROLE
campo de controle BR6007688
003 - IDENTIFICADOR DO NÚMERO DE CONTROLE
campo de controle BR-BrBNA
005 - DATA E HORÁRIO DA ÚLTIMA TRANSAÇÃO
campo de controle 20241220153403.0
008 - CAMPO DE DADOS FIXOS--INFORMAÇÃO GERAL
campo de controle de tamanho fixo 230509b bl.|||m| |||| 00| 0 por d
040 ## - FONTE DA CATALOGAÇÃO
Instituição da catalogação original BR-BrBNA
Idioma da catalogação por
Instituição que transcreveu o registro Biblioteca Nacional de Agricultura
072 ## - CÓDIGO DE CATEGORIA DE ASSUNTO
Código de Categoria de Assunto F25; L30; C00
090 ## - NÚMERO DE CHAMADA LOCAL
Número de chamada F25 BR6007688
Chave BR 2024-8500
110 1# - ENTRADA PRINCIPAL--NOME CORPORATIVO
Nome corporativo ou nome da jurisdição Instituto de Pesquisas IRI, Rio de Janeiro, GB (Brasil)
9 (RLIN) 6211
245 1# - TÍTULO
Título Relatorio semi-anual dezembro 1970. Em cumprimento parcial do contrato AID/1a/656 entre a USAID e o Instituto de Pesquisas IRI [Brasil]
260 3# - PUBLICAÇÃO, DISTRIBUIÇÃO, ETC.
Local de publicação, distribuição, etc. Rio de Janeiro, GB (Brasil):
Data da publicação, distribuição, etc. 1970.
300 ## - DESCRIÇÃO FÍSICA
Extensão 32 p.
490 ## - TÍTULO DA SÉRIE
Título da série Relatorio Semestral - Instituto de Pesquisas IRI (Brazil)
650 ## - ASSUNTO--TERMO TÓPICO
Cabeçalho tópico ou nome geográfico PLANTA FORRAGEIRA
650 ## - ASSUNTO--TERMO TÓPICO
Cabeçalho tópico ou nome geográfico PASTAGEM
650 ## - ASSUNTO--TERMO TÓPICO
Cabeçalho tópico ou nome geográfico ENSINO
650 ## - ASSUNTO--TERMO TÓPICO
Cabeçalho tópico ou nome geográfico EDUCACAO
942 ## - ELEMENTOS DE ENTRADA ADICIONADOS (KOHA)
Fonte da classificação ou esquema de arquivamento na estante Classificação AGRIS
Ocultar no OPAC Não
Tipo de material Koha Monografia Seriada
Exemplares
Situação do descarte Fonte da classificação ou esquema de arquivamento na estante Situação física Não pode ser emprestado Biblioteca de origem Biblioteca atual Total de empréstimos Número de telefone completo Código de barras Data de último acesso Tipo de material Koha Situação das perdas Data de aquisição Fonte de aquisição Qualificador de local codificado Custo, preço normal de compra Número do inventário Custo, preço de reposição Preço efetivo de
  Classificação AGRIS     Biblioteca Nacional de Agricultura - Binagri Biblioteca Nacional de Agricultura - Binagri   F25 BR6007688 2024-8500 18/12/2023 Monografia Seriada     Portaria Interministerial nº 164/94          

BINAGRI

Telefone: (61)3218-2567/2388/3357/2097 - binagri@agro.gov.br

Ministério da Agricultura e Pecuária , Esplanada dos Ministérios, Bloco D, Anexo B, Brasília/DF, CEP: 70.043-900